000 00359nam a2200133 i 4500
001 bg
100 1 _aMINDYKOWSKI, Janusz
245 0 _aWybrane pomiary energetyczne z zastosowaniem o specjalizowanej konstrukcji /
_cJ. Mindykowski.
260 _aGdynia,
_c1990.
040 _cBPK
041 _apol
942 _cKS
008 s pl f |000 0 pol
999 _c29434
_d29434
856 _uhttp://koha.tu.koszalin.pl/cgi-bin/koha/opac-detail.pl?biblionumber=29434
_yKatalog online BPK